Translatológia a jej súvislosti [ ... projektu VEGA č. 1/2258/05 Sondy do súčasného stavu prekladu na Slovensku so zameraním na sociokultúrne aspekty] 2

Bibliographic Details
Other Authors: Dolník, Juraj, 1942- (Editor), Bohušová, Zuzana, 1969- (Editor), Huťková, Anita, 1974- (Editor)
Format: Book
Language:Slovak
Czech
English
French
Polish
PhysicalDescription:247 s. tab. 21 cm
Published: Banská Bystrica Univerzita Mateja Bela, Fakulta humanitných vied 2007
ISBN:9788080834845 (brož.)
Edition:[1. vyd.]
Subjects:

MARC

LEADER 00000nam a2200000 a 4500
001 vtls009282350
003 SK-MaSNL
005 20260301081600.0
008 160114s2007 xo l f 100 0 slo
015 |a SNBA2008/04-01840 
020 |a 9788080834845 (brož.) 
035 |a D95E1749-2976-4A03-A7E5-08BFBE7AD2BD 
035 |a urn:nbn:sk:snk-amk4ke 
035 |a urn:nbn:sk:snk-am0057sr 
040 |a SNK  |b slo  |c SNK  |e AACR2 
041 0 |a slo  |a cze  |a eng  |a fre  |a pol  |b eng  |b ger  |b slo 
044 |a xo  |c SK 
072 7 |a 81  |x Lingvistika. Jazyky  |2 konspekt 
080 |a 81`25  |2 2001 
080 |a (062.534)  |2 2001 
080 |a 304  |2 2001 
080 |a 316.72/.75  |2 2001 
245 0 0 |a Translatológia a jej súvislosti  |n 2  |b [ ... projektu VEGA č. 1/2258/05 Sondy do súčasného stavu prekladu na Slovensku so zameraním na sociokultúrne aspekty]  |c Juraj Dolník, Zuzana Bohušová, Anita Huťková (eds.) 
246 1 1 |a The translation studies and its contexts 
246 1 1 |a Translationswissenschaft und ihre Zusammenhänge 
250 |a [1. vyd.] 
260 |a Banská Bystrica  |b Univerzita Mateja Bela, Fakulta humanitných vied  |c 2007 
300 |a 247 s.  |b tab.  |c 21 cm 
504 |a Bibliogr. odkazy. Pozn. 
546 |a Čiast. text angl., čes., franc. a poľ. Res. angl., nem. a slov. 
650 0 7 |a teória prekladu  |2 SNKPH  |9 15928 
650 0 7 |a sociálne aspekty  |2 SNKPH  |9 3878 
650 0 7 |a kultúrne aspekty  |2 SNKPH  |9 3850 
655 7 |a zborníky konferencií  |2 SNKPH  |9 70153 
700 1 |a Dolník, Juraj,  |d 1942-  |4 edt  |9 232465 
700 1 |a Bohušová, Zuzana,  |d 1969-  |4 edt  |9 246657 
700 1 |a Huťková, Anita,  |d 1974-  |4 edt  |9 253901 
919 |a 978-80-8083-484-5 
958 |a NB 
958 |a OND 
968 |d 82 
999 |c 656265  |d 658195 
952 |a SNK  |b SNK  |y PREZ  |7 0  |p 17A0584561  |o snkSC 114820/2  |i snk2008/7669  |8 0  |0 0  |1 0  |4 0  |d 2008-04-04  |f 1  |l 0  |r 2025-10-03 00:00:00  |w 2026-02-23 
952 |a SNK  |b SNK  |y VYP  |7 0  |p 17A0584562  |o snkSC 114820/2 D1  |i snk2008/7670  |8 0  |0 0  |1 0  |4 0  |d 2008-04-04  |l 0  |r 2026-02-23 18:37:15  |w 2026-02-23